000 00496nam a2200157 a 4500
001 000031396
005 20200930062912.0
008 110620s1954 dr c 000 | spa d
040 _aDO-SdBNP
_bspa
_cBNPHU
082 _axxx
_bM971p
100 1 _aMuñoz, Emilio Antonio,
_d1927-
_957813
245 1 0 _aPreámbulo de la religión trujilloniana /
_cEmilio A. Muñoz regalado.
260 _aCiudad Trujillo, República Dominicana :
_bPol Hermanos,
_c1954.
300 _a45 p. ;
_c19 cm.
049 _aBNPD
999 _c30888
_d30888